00449nam a2200181 a 4500001001300000003000900013005001700022008004100039020001000080082001600090100002000106245001400126260003400140300000900174500003500183650002900218700002000247nice12345678IN_TiNIC20260116014328.0080605s2005 luca grp 000 0 urd  ac15000a297.64bCHI aChishti, Saayem aAl-Batool aLucknow bNizami Press c2005 a585p aincludes index and biblioraphy aMuhammad, Prophet-Family1 aChishti, Saayem